000 00688nam a2200205 a 4500
005 20250219150320.0
008 030331s1998 ag r 000 0 spa d
020 _a9789028120
035 _aUPN01000123468
049 _aCG
050 4 _aLB2898.21
_bM3.2
100 1 _aMateri, Lilia H. de
245 1 0 _aAutonomía de las instituciones escolares :
_bla comunidad educativa /
_cLilia H. de Materi.
260 _aBuenos Aires :
_bEspacio :
_bLa Colmena,
_c1998.
300 _a151 p.
650 4 _aESCUELAS -
_xDIRECCION Y ORGANIZACION -
_zARGENTINA
_96565
650 4 _aEducación comunitaria
_zArgentina
_926579
650 4 _aEducación
_xAspectos sociales
_zArgentina
_97141
905 _aLibro
999 _c95648
_d95648